000 00612nam a22002057a 4500
003 LK-CoMWRAF
005 20231122130130.0
008 231028b2010 |||||||| |||| 00| 0 eng d
020 _a9789558610466
040 _aLK-CoMWRAF
_dLK-CoMWRAF
_eLK-CoMWRAF
041 _aeng
082 _a305.3
_bCEN
110 _aCentre for women's research
245 _aCharting pathways to gender equality :
_breflections and challenges
260 _aColombo:
_bVijitha Yapa Publications,
_c2010
300 _axviii, 222 p. ; 26 cm
650 _aFEMINISM-Sri Lanka.
650 _aWomen's rights--Sri Lanka.
942 _cBK
999 _c4024
_d4024